La mirada cualitativa en sociología: una aproximación interpretativa
-д хадгалсан:
| Үндсэн зохиолч: | |
|---|---|
| Формат: | Ном |
| Хэл сонгох: | испани |
| Хэвлэсэн: |
Madrid
Fundamentos
2003
|
| Хэвлэл: | 2a. ed |
| Цуврал: | Ciencia. Serie Sociología, 218
|
| Нөхцлүүд: | |
| Шошгууд: |
Шошго нэмэх
Шошго байхгүй, Энэхүү баримтыг шошголох эхний хүн болох!
|
MARC
| LEADER | 00000cam a2200000 a 4500 | ||
|---|---|---|---|
| 001 | UCH2715 | ||
| 003 | CL-VaPUC | ||
| 008 | 090624e20030000SP |||||||||||||||||spa|d | ||
| 020 | |a 8424507762 | ||
| 082 | 0 | 4 | |a 301 |b ALO |2 21 |
| 100 | 0 | |a Alonso, Luis Enrique |e author |9 537723 | |
| 245 | 1 | 3 | |a La mirada cualitativa en sociología: una aproximación interpretativa |
| 250 | |a 2a. ed | ||
| 300 | |a 268 p | ||
| 942 | |c BK | ||
| 945 | |d 20090624 00:00:00 |a rbrito | ||
| 260 | |a Madrid |b Fundamentos |c 2003 | ||
| 650 | 0 | |a Sociología |9 255410 | |
| 583 | |a last modification |c 20161027 05:49:31 |k Rodrigo Vera | ||
| 490 | 0 | |a Ciencia. Serie Sociología, 218 | |
| 999 | |c 334429 |d 334427 | ||
| 952 | |0 0 |1 0 |4 0 |6 301_000000000000000_ALO_2003 |7 0 |8 A |9 423428 |a BIBGIM |b BIBGIM |d 2019-11-22 |i 4567056 |o 301 ALO 2003 |p 4567056 |r 2025-01-15 |w 2019-11-22 |y BK |k SSL | ||
| 952 | |0 0 |1 0 |4 0 |6 301_000000000000000_ALO_2003 |7 0 |8 A |9 423429 |a BIBGIM |b BIBGIM |d 2019-11-22 |i 4590023 |l 1 |o 301 ALO 2003 |p 4590023 |r 2025-01-15 |s 2023-08-21 |w 2019-11-22 |y BK |k SSL | ||
| 952 | |0 0 |1 0 |3 erb |4 0 |6 301_000000000000000_ALO_2003 |7 0 |8 A |9 423430 |a BIBGIM |b BIBGIM |i 5344840 |o 301 ALO 2003 |p 5344840 |r 2025-01-15 |w 2019-11-22 |y BK |z Catalogado en:20161028 |k SSL | ||
| 952 | |0 0 |1 0 |3 erb |4 0 |6 301_000000000000000_ALO_2003 |7 0 |8 A |9 423431 |a BIBGIM |b BIBGIM |i 5344832 |o 301 ALO 2003 |p 5344832 |r 2025-01-15 |w 2019-11-22 |y BK |z Catalogado en:20161028 |k SSL | ||